[Event "50th Sparkassen Open A"]
[Site "Dortmund GER"]
[Date "2023.06.26"]
[Round "3.9"]
[White "Kobo, Ori"]
[Black "Wadsworth, Matthew J"]
[Result "1-0"]
[WhiteTitle "GM"]
[BlackTitle "IM"]
[WhiteElo "2556"]
[BlackElo "2431"]
[WhiteFideId "2812320"]
[BlackFideId "415804"]
[EventDate "2023.06.24"]

1. e4 e5 2. Nf3 Nf6 3. Nxe5 d6 4. Nf3 Nxe4 5. d3 Nf6 6. d4 g6 7. Bb5+ c6 8. Bd3
Bg7 9. Qe2+ Qe7 10. Qxe7+ Kxe7 11. O-O Rd8 12. a4 a5 13. Nbd2 Na6 14. c3 Nc7 15.
Nc4 Ncd5 16. Re1+ Kf8 17. h3 b6 18. Bg5 Ba6 19. Bf1 Rd7 20. Bh4 Nh5 21. g4 Nhf4
22. Kh2 Bxc4 23. Bxc4 Bf6 24. Bxd5 Nxd5 25. c4 Bxh4 26. cxd5 Bf6 27. dxc6 Rc7
28. d5 Bxb2 29. Rab1 Bc3 30. Rec1 Bb4 31. Ne1 b5 32. axb5 Rb8 33. Nc2 Rxb5 34.
Rd1 Rc8 35. Rd4 Rcb8 36. Rb3 Kg7 37. Kg2 h6 38. h4 Kf6 39. Rf3+ Kg7 40. Rdf4 f5
41. gxf5 Rxd5 42. Ne3 Rc5 43. fxg6 Kxg6 44. Rg4+ Kh7 45. Rf7+ Kh8 46. Rf6 Rh5
47. Rfg6 Rc8 48. Nd5 1-0

[Event "50th Sparkassen Open A"]
[Site "Dortmund GER"]
[Date "2023.06.26"]
[Round "3.10"]
[White "Pranav, Anand"]
[Black "Dolzhykova, Kateryna"]
[Result "1/2-1/2"]
[WhiteTitle "GM"]
[BlackTitle "WIM"]
[WhiteElo "2510"]
[BlackElo "2321"]
[WhiteFideId "46626786"]
[BlackFideId "14113414"]
[EventDate "2023.06.24"]

1. e4 c5 2. Nf3 d6 3. d4 cxd4 4. Nxd4 Nf6 5. Nc3 g6 6. Be3 Bg7 7. f3 Nc6 8. Qd2
O-O 9. O-O-O d5 10. exd5 Nxd5 11. Nxc6 bxc6 12. Bd4 Nxc3 13. Qxc3 Bh6+ 14. Be3
Bxe3+ 15. Qxe3 Qb6 16. Qe5 Be6 17. h4 Rfd8 18. Be2 Rxd1+ 19. Rxd1 Rd8 20. Rxd8+
Qxd8 21. a3 Qb6 22. Kd2 h5 23. Qe3 Qa5+ 24. Kd1 Qd5+ 25. Ke1 a5 26. Kf2 Qf5 27.
Qc3 Bd5 28. Qxa5 Qxc2 29. Qc3 Qa4 30. b4 e5 31. Qe3 Kh7 32. Kg3 Qa8 33. Kf2 Qa4
34. g4 hxg4 35. fxg4 Bb3 36. Kg3 Bd1 37. Bxd1 Qxd1 38. g5 Qc2 39. Qf3 Kg8 40.
Qe3 Kh7 41. Qf2 Qc3+ 42. Qf3 Qe1+ 43. Qf2 Qc3+ 44. Kg2 Kg8 45. Qf3 Qd2+ 46. Kh3
Qc2 47. Kg3 Qd2 48. Kh3 Qc2 49. Qe3 Qf5+ 50. Kg3 Qc2 51. Qxe5 Qd3+ 52. Kg4 Qxa3
53. Qd4 Qb3 54. Kf4 Qh3 55. Ke5 Qe6+ 56. Kf4 Qh3 57. Ke5 Qe6+ 1/2-1/2

[Event "50th Sparkassen Open A"]
[Site "Dortmund GER"]
[Date "2023.06.26"]
[Round "3.11"]
[White "Jinan, Jomon"]
[Black "Raja, Harshit"]
[Result "1/2-1/2"]
[BlackTitle "GM"]
[WhiteElo "2428"]
[BlackElo "2510"]
[WhiteFideId "35002511"]
[BlackFideId "5089000"]
[EventDate "2023.06.24"]

1. c4 Nf6 2. Nf3 g6 3. d4 Bg7 4. g3 c6 5. Nc3 d5 6. Qb3 O-O 7. Bg2 Qb6 8. Na4
Qd8 9. Nc3 Qb6 10. O-O Be6 11. c5 Qxb3 12. axb3 Ne4 13. h3 Nd7 14. b4 a6 15. Rd1
Rad8 16. Ng5 Nxg5 17. Bxg5 f6 18. Bf4 f5 19. Be3 Bf7 20. f4 Nf6 21. Kh2 h5 22.
Bf3 Bh6 23. h4 Ng4+ 24. Bxg4 fxg4 25. Bg1 Be6 26. e3 Bf5 1/2-1/2

[Event "50th Sparkassen Open A"]
[Site "Dortmund GER"]
[Date "2023.06.26"]
[Round "3.12"]
[White "Tokhirjonova, Gulrukhbegim"]
[Black "Ponomariov, Ruslan"]
[Result "0-1"]
[WhiteTitle "WGM"]
[BlackTitle "GM"]
[WhiteElo "2340"]
[BlackElo "2664"]
[WhiteFideId "14203626"]
[BlackFideId "14103320"]
[EventDate "2023.06.24"]

1. d4 Nf6 2. c4 e6 3. Nc3 Bb4 4. a3 Bxc3+ 5. bxc3 Nc6 6. f3 b6 7. e4 d6 8. Bd3
Na5 9. Be3 Ba6 10. Qe2 Qd7 11. a4 O-O-O 12. Nh3 Qc6 13. O-O Bxc4 14. Rfb1 d5 15.
Nf2 Nd7 16. Rb4 f5 17. Qc2 Bxd3 18. Qxd3 dxe4 19. fxe4 Nc5 20. Qc2 Nxe4 21. Nxe4
Qxe4 22. Qxe4 fxe4 23. Re1 Rd6 24. Rb5 Rd5 25. Bf4 Rxb5 26. axb5 Rf8 27. Rxe4
Kd7 28. Be5 g6 29. Re1 Nc4 30. Ra1 Nxe5 31. dxe5 Rf5 32. Rxa7 Rxe5 33. c4 Kd6
34. Kf2 Re4 35. Ra4 Rd4 36. Ke3 e5 37. h3 h5 38. g3 g5 39. Ke2 h4 40. g4 e4 41.
Ke3 Ke5 42. Ra8 Rd3+ 43. Ke2 Rxh3 44. Rc8 Rc3 45. Rxc7 h3 46. Kd2 h2 47. Rh7 Ra3
48. c5 Kd4 49. Kc2 Ra1 0-1

[Event "50th Sparkassen Open A"]
[Site "Dortmund GER"]
[Date "2023.06.26"]
[Round "3.13"]
[White "Kamsky, Gata"]
[Black "Aizenberg, Benny"]
[Result "1/2-1/2"]
[WhiteTitle "GM"]
[BlackTitle "FM"]
[WhiteElo "2659"]
[BlackElo "2395"]
[WhiteFideId "2000024"]
[BlackFideId "2821125"]
[EventDate "2023.06.24"]

1. Nf3 c5 2. e4 d6 3. Nc3 Nf6 4. d4 cxd4 5. Nxd4 a6 6. a4 e5 7. Nf3 Be7 8. Bc4
Be6 9. Bb3 h6 10. O-O O-O 11. Re1 Nbd7 12. Be3 Rc8 13. Nh4 Nc5 14. Bxc5 Rxc5 15.
Nf5 Bxf5 16. exf5 Qc7 17. Qe2 d5 18. Qxe5 Bd6 19. Qd4 Bxh2+ 20. Kh1 Bd6 21. Nxd5
Nxd5 22. Bxd5 Rxc2 23. f6 g6 24. Rad1 Kh7 25. b4 a5 26. Be4 Bxb4 27. Bxc2 Bxe1
28. Bxg6+ Kxg6 29. Rxe1 Rd8 30. Qh4 Rd6 31. Qf4 1/2-1/2

[Event "50th Sparkassen Open A"]
[Site "Dortmund GER"]
[Date "2023.06.26"]
[Round "3.14"]
[White "Svane, Rasmus"]
[Black "Niedbala, Bartlomiej"]
[Result "1-0"]
[WhiteTitle "GM"]
[BlackTitle "FM"]
[WhiteElo "2616"]
[BlackElo "2391"]
[WhiteFideId "4657101"]
[BlackFideId "21834008"]
[EventDate "2023.06.24"]

1. d4 Nf6 2. c4 e6 3. Nf3 d5 4. Nc3 c6 5. Bg5 Nbd7 6. e3 Qa5 7. Nd2 Bb4 8. Rc1
Ne4 9. Ncxe4 dxe4 10. Bh4 Qxa2 11. Be2 Qa5 12. O-O Bxd2 13. Ra1 Qb4 14. Qc2 Qd6
15. Bg3 Qe7 16. Qxd2 O-O 17. b4 e5 18. dxe5 Nxe5 19. Qd4 f6 20. Rfb1 Bf5 21. Ra5
b6 22. Ra6 Rad8 23. Qc3 h6 24. Rba1 Rd7 25. c5 Rb8 26. h3 Kh7 27. Bxe5 Qxe5 28.
Qxe5 fxe5 29. b5 cxb5 30. c6 Rd5 31. Rxa7 Rc5 32. Rb7 Rg8 33. Rxb6 b4 34. Ba6
Ra8 35. Rb1 Be6 36. Bb7 Ra2 37. c7 Bf5 38. g4 Bd7 39. Bxe4+ Kg8 40. Rd1 1-0

[Event "50th Sparkassen Open A"]
[Site "Dortmund GER"]
[Date "2023.06.26"]
[Round "3.15"]
[White "Moksh, Amit Doshi"]
[Black "Wagner, Dennis"]
[Result "1/2-1/2"]
[WhiteTitle "IM"]
[BlackTitle "GM"]
[WhiteElo "2397"]
[BlackElo "2598"]
[WhiteFideId "25064967"]
[BlackFideId "24650684"]
[EventDate "2023.06.24"]

1. d4 Nf6 2. c4 e6 3. Nf3 d5 4. Nc3 Bb4 5. Bg5 h6 6. Bxf6 Qxf6 7. Qb3 c5 8. cxd5
exd5 9. e3 O-O 10. dxc5 Bxc3+ 11. Qxc3 Qxc3+ 12. bxc3 Be6 13. Nd4 Rc8 14. Bb5 a6
15. Bd3 Nd7 16. Nb3 Nxc5 17. Nxc5 Rxc5 18. Kd2 b5 19. Rhc1 Kf8 20. Rab1 Ke7 21.
a3 Ra7 22. Rb4 1/2-1/2

[Event "50th Sparkassen Open A"]
[Site "Dortmund GER"]
[Date "2023.06.26"]
[Round "3.16"]
[White "Safarli, Eltaj"]
[Black "Karacsonyi, Gellert"]
[Result "1-0"]
[WhiteTitle "GM"]
[BlackTitle "IM"]
[WhiteElo "2609"]
[BlackElo "2386"]
[WhiteFideId "13402129"]
[BlackFideId "764620"]
[EventDate "2023.06.24"]

1. e4 e5 2. Nf3 Nf6 3. Nxe5 d6 4. Nf3 Nxe4 5. Bd3 Nf6 6. O-O Be7 7. c3 O-O 8.
Bc2 Bg4 9. d4 Nbd7 10. Bg5 Re8 11. Nbd2 Nd5 12. Bxe7 Qxe7 13. h3 Bh5 14. Re1
Qxe1+ 15. Qxe1 Rxe1+ 16. Rxe1 N5f6 17. Nh4 Re8 18. Rxe8+ Nxe8 19. Nc4 Be2 20.
Na5 b6 21. Nc6 a5 22. Nf5 Kf8 23. Ne3 Bb5 24. Na7 Ba6 25. Ba4 Ndf6 26. Bc6 Bd3
27. f3 h5 28. b4 axb4 29. cxb4 g6 30. a4 Ng7 31. d5 Nf5 32. Nxf5 gxf5 33. a5
bxa5 34. bxa5 Ke7 35. Bb7 Kd7 36. a6 Bxa6 37. Bxa6 Nxd5 38. Bb5+ Ke7 39. Nc6+
Kf6 40. h4 f4 41. Kf2 Ne3 42. Nb4 Nf5 43. Nd5+ Ke5 44. Nxc7 Nxh4 45. Be8 Nf5 46.
Bxf7 h4 47. Na6 Ne3 48. Nb4 Kf5 49. Bb3 Ke5 50. Nd3+ Kf5 51. Be6+ Kg5 52. Bh3 1-0

[Event "50th Sparkassen Open A"]
[Site "Dortmund GER"]
[Date "2023.06.26"]
[Round "3.18"]
[White "Samant, Aditya S"]
[Black "Priyanka, Nutakki"]
[Result "1/2-1/2"]
[WhiteTitle "IM"]
[BlackTitle "WGM"]
[WhiteElo "2503"]
[BlackElo "2352"]
[WhiteFideId "35080580"]
[BlackFideId "25049615"]
[EventDate "2023.06.24"]

1. e4 e5 2. Nf3 Nf6 3. Nxe5 d6 4. Nf3 Nxe4 5. d4 d5 6. Bd3 Bd6 7. O-O O-O 8. c4
c6 9. Re1 Bf5 10. Qb3 Qd7 11. a3 Re8 12. Qc2 Bg6 13. b4 a5 14. b5 cxb5 15. cxb5
a4 16. Nh4 Nc5 17. Rxe8+ Qxe8 18. Nxg6 Nxd3 19. Be3 Ne1 20. Qe2 hxg6 21. Nc3
Nxg2 22. Kxg2 Nd7 23. Nxd5 Rc8 24. Qf3 Nf8 25. b6 Ne6 26. h4 Rc4 27. Rd1 Nf8 28.
Rc1 Rxc1 29. Bxc1 Ne6 30. Nc3 Nxd4 31. Qxb7 Qe5 32. Qa8+ Kh7 33. Be3 Nf5 34. Qc6
Nxe3+ 35. fxe3 Qg3+ 36. Kf1 Qxe3 37. Qxd6 Qf3+ 38. Kg1 Qxc3 39. Qc7 Qa1+ 40. Kf2
Qb2+ 41. Ke1 Qb1+ 42. Kd2 Qb2+ 43. Kd1 Qb1+ 44. Kd2 Qb2+ 1/2-1/2

[Event "50th Sparkassen Open A"]
[Site "Dortmund GER"]
[Date "2023.06.26"]
[Round "3.19"]
[White "Holtel, Jasper"]
[Black "Samunenkov, Ihor"]
[Result "0-1"]
[WhiteTitle "FM"]
[BlackTitle "IM"]
[WhiteElo "2348"]
[BlackElo "2499"]
[WhiteFideId "12956376"]
[BlackFideId "14187086"]
[EventDate "2023.06.24"]

1. Nf3 d5 2. g3 Nf6 3. Bg2 e6 4. O-O Be7 5. d4 O-O 6. c4 c6 7. Qc2 b6 8. Nbd2
Bb7 9. e4 Na6 10. a3 c5 11. exd5 exd5 12. dxc5 Nxc5 13. b4 Ne6 14. Bb2 Rc8 15.
Rfd1 Rc7 16. Be5 Rd7 17. Rac1 Qa8 18. Nd4 Nxd4 19. Bxd4 dxc4 20. Bxb7 Qxb7 21.
Nxc4 Rc8 22. Qe2 Qe4 23. Qxe4 Nxe4 24. Bxb6 Rxc4 25. Rxd7 Rxc1+ 26. Kg2 axb6 27.
Rxe7 f5 28. g4 Rc2 29. gxf5 Rxf2+ 30. Kg1 Rf4 31. Rb7 Rf3 32. a4 Ra3 33. Rb8+
Kf7 34. Rb7+ Kf6 35. Rxb6+ Kxf5 36. a5 g5 37. Rb7 h5 38. Rf7+ Kg4 39. Rf1 Ra4
40. Rb1 Nd2 41. Rb2 Kf3 42. h4 Ra1+ 43. Kh2 Nf1+ 44. Kh3 g4# 0-1

[Event "50th Sparkassen Open A"]
[Site "Dortmund GER"]
[Date "2023.06.27"]
[Round "4.1"]
[White "Mendonca, Leon Luke"]
[Black "Bluebaum, Matthias"]
[Result "1/2-1/2"]
[WhiteTitle "GM"]
[BlackTitle "GM"]
[WhiteElo "2623"]
[BlackElo "2672"]
[WhiteFideId "35028561"]
[BlackFideId "24651516"]
[EventDate "2023.06.24"]

1. Nf3 d5 2. g3 Nf6 3. Bg2 e6 4. O-O Be7 5. c4 O-O 6. d4 c6 7. Nc3 a5 8. b3 b6
9. Re1 Ba6 10. Nd2 b5 11. c5 e5 12. dxe5 Nfd7 13. Bb2 Nxc5 14. Rc1 Nbd7 15. Nf3
Rc8 16. Bh3 Rc7 17. e4 dxe4 18. Nxe4 Nxe4 19. Rxe4 Nc5 20. Rd4 Qa8 21. Rd6 Ne6
22. Bxe6 fxe6 23. Nd4 Bxd6 24. exd6 Rd7 25. Nxe6 Rff7 26. Nc5 Rd8 27. Ne6 Rdd7
28. Nc5 Rd8 29. Be5 Bc8 30. Qd4 Bh3 31. Re1 Qc8 32. f4 h6 33. Kf2 Re8 34. Ke3
Qf5 35. Kd2 Bg2 36. Qd3 Qh3 37. Kc1 Bd5 38. Qd2 a4 39. b4 a3 40. Kb1 Qh5 41. Re3
Ra7 42. Qe2 Qg6+ 43. Qd3 Qh5 44. Qe2 Qg6+ 45. Kc1 Qf7 46. d7 Rxd7 47. Nxd7 Qxd7
48. Rxa3 Bc4 49. Qd2 Qe7 50. Ra6 Rd8 51. Ra7 Qxa7 52. Qxd8+ Kh7 53. Qd4 1/2-1/2

[Event "50th Sparkassen Open A"]
[Site "Dortmund GER"]
[Date "2023.06.27"]
[Round "4.2"]
[White "Donchenko, Alexander"]
[Black "Svane, Frederik"]
[Result "1-0"]
[WhiteTitle "GM"]
[BlackTitle "GM"]
[WhiteElo "2667"]
[BlackElo "2603"]
[WhiteFideId "24603295"]
[BlackFideId "12923044"]
[EventDate "2023.06.24"]

1. c4 e5 2. g3 Nc6 3. Nc3 g6 4. Bg2 Bg7 5. e3 d6 6. Nge2 h5 7. h3 h4 8. g4 f5 9.
gxf5 Bxf5 10. d3 Qd7 11. Rb1 Nge7 12. b4 Nd8 13. a4 c6 14. a5 Nf7 15. b5 a6 16.
Na4 axb5 17. Nb6 Qd8 18. Nxa8 Qxa5+ 19. Qd2 Qxa8 20. cxb5 O-O 21. bxc6 bxc6 22.
O-O Qc8 23. Kh2 g5 24. Ng1 Qe6 25. e4 Bh7 26. Rb7 Ng6 27. Bf3 Qf6 28. Qa2 Kh8
29. Bg4 Nf4 30. Bxf4 Qxf4+ 31. Kg2 d5 32. Ne2 Qf6 33. Nc3 Nh6 34. Qe2 Bg8 35.
Rc7 Qd6 36. Rc8 Rf4 37. f3 Kh7 38. Nd1 Nxg4 39. hxg4 Be6 40. Ra8 d4 41. Nf2 Rf8
42. Rfa1 Rxa8 43. Rxa8 c5 44. Qc2 Qc6 45. Qa4 Qxa4 46. Rxa4 Bb3 47. Ra6 c4 48.
dxc4 Bxc4 49. Rc6 Bb5 50. Rb6 Be2 51. Nh3 Bh6 52. Re6 d3 53. Kf2 Bf8 54. Nxg5+
Kg7 55. Rxe5 Bd6 56. Rd5 Bb8 57. Kg2 1-0

[Event "50th Sparkassen Open A"]
[Site "Dortmund GER"]
[Date "2023.06.27"]
[Round "4.3"]
[White "Kobo, Ori"]
[Black "Adams, Michael"]
[Result "1/2-1/2"]
[WhiteTitle "GM"]
[BlackTitle "GM"]
[WhiteElo "2556"]
[BlackElo "2666"]
[WhiteFideId "2812320"]
[BlackFideId "400041"]
[EventDate "2023.06.24"]

1. e4 e5 2. Nf3 Nc6 3. Bb5 Nf6 4. d3 Bc5 5. Bxc6 dxc6 6. Nbd2 Be6 7. O-O Qd6 8.
b3 a5 9. Bb2 Nd7 10. Ng5 f6 11. Nxe6 Qxe6 12. a3 O-O 13. Kh1 Rfe8 14. Qh5 Qf7
15. Qf5 Rad8 16. g3 a4 17. b4 Bf8 18. f4 Qg6 19. Qh3 c5 20. bxc5 Bxc5 21. Nf3 b5
22. Nh4 Qh5 23. g4 Qh6 24. g5 fxg5 25. fxg5 Qc6 26. Nf5 Nf8 27. Qg3 Bd4 28. Bxd4
exd4 29. h4 Qc5 30. h5 Qe5 31. Qg4 Ne6 32. Rf2 Kh8 33. Raf1 c5 34. Ng3 g6 35.
hxg6 hxg6 36. Qh4+ Kg8 37. Rf6 Nf8 38. Kg2 Re6 39. Rh1 Rxf6 40. gxf6 Kf7 41. Qh8
Ke6 42. Rf1 Kd7 43. Qh4 b4 44. Qg4+ 1/2-1/2

[Event "50th Sparkassen Open A"]
[Site "Dortmund GER"]
[Date "2023.06.27"]
[Round "4.4"]
[White "Aryan, Chopra"]
[Black "Guo, Arthur"]
[Result "1-0"]
[WhiteTitle "GM"]
[BlackTitle "IM"]
[WhiteElo "2626"]
[BlackElo "2445"]
[WhiteFideId "5084423"]
[BlackFideId "30903114"]
[EventDate "2023.06.24"]

1. c4 e6 2. Nc3 d5 3. d4 Nf6 4. cxd5 exd5 5. Bg5 c6 6. e3 h6 7. Bh4 Be7 8. Bd3
O-O 9. Nge2 Nbd7 10. O-O Re8 11. a4 Nh5 12. Bxe7 Qxe7 13. a5 Nf8 14. Qd2 Rb8 15.
Rfe1 Nf6 16. Rab1 Qb4 17. Ne4 Qe7 18. Nxf6+ Qxf6 19. b4 a6 20. Qc2 h5 21. Nc3
Ne6 22. f3 Bd7 23. Qf2 Rbd8 24. h4 g6 25. Na4 Re7 26. Re2 Bc8 27. Rf1 Ng7 28.
Nc5 Ne6 29. Nb3 Kh8 30. Qg3 Rde8 31. Kf2 Kg8 32. Rh1 Kg7 33. Rhe1 Kg8 34. Kg1
Rd8 35. Bc2 Rde8 36. Qf2 Nc7 37. Nc5 Ne6 38. Nd3 Nf8 39. Nc5 Ne6 40. Nb3 Nc7 41.
e4 dxe4 42. fxe4 Qxf2+ 43. Kxf2 Nb5 44. Rd2 Be6 45. Nc5 Bg4 46. Bb3 Nc3 47. e5
Kg7 48. Re3 Nb5 49. Bc4 Nc7 50. Nxb7 Rb8 51. Nc5 Rxb4 52. Bxa6 Nxa6 53. Nxa6 Rb5
54. Rc3 Rxa5 55. Rxc6 Rd5 56. Nb4 Rd8 57. Rc5 Rb7 58. Nc6 Re8 59. d5 Bd7 60. Ke3
Rb3+ 61. Rd3 Rb2 62. g3 Bf5 63. Ra3 Rb7 64. Kd4 f6 65. e6 Bxe6 66. dxe6 Rxe6 67.
Rac3 Rb1 68. Rd5 Rd1+ 69. Kc5 Ree1 70. Rxd1 Rxd1 71. Nd4 g5 72. Kd5 Kg6 73. Ke4
Rh1 74. Nf3 Rh3 75. hxg5 fxg5 76. Rc6+ Kg7 77. Nd4 Rh1 78. Kf5 g4 79. Kg5 1-0

[Event "50th Sparkassen Open A"]
[Site "Dortmund GER"]
[Date "2023.06.27"]
[Round "4.5"]
[White "Ponomariov, Ruslan"]
[Black "Vogel, Roven"]
[Result "1/2-1/2"]
[WhiteTitle "GM"]
[BlackTitle "IM"]
[WhiteElo "2664"]
[BlackElo "2458"]
[WhiteFideId "14103320"]
[BlackFideId "12908088"]
[EventDate "2023.06.24"]

1. e4 c5 2. Nf3 Nc6 3. Bb5 e6 4. Bxc6 bxc6 5. b3 e5 6. Nxe5 Qe7 7. d4 f6 8. Nf3
Qxe4+ 9. Be3 cxd4 10. Nbd2 Qg4 11. Bxd4 Ba6 12. c4 Qxg2 13. Qe2+ Kf7 14. Rg1 Qh3
15. O-O-O d5 16. Bb2 Ne7 17. Rg3 Qd7 18. Nh4 Ng6 19. Qh5 Bd6 20. Rf3 Kg8 21. Rg1
Bxh2 22. Rg2 Be5 23. Bxe5 fxe5 24. Nxg6 hxg6 25. Qxg6 Rd8 26. cxd5 Qe7 27. Rfg3
Rxd5 28. Qxg7+ Qxg7 29. Rxg7+ Kf8 30. Ne4 Bd3 31. Nc3 Rc5 32. Kb2 a5 33. R7g5
Rh3 34. f4 Re3 35. Rf2 Bb5 36. Nd1 Re1 37. Nc3 Re3 38. Nb1 Ke7 39. Na3 Bd3 40.
fxe5 Rcxe5 41. Rxe5+ Rxe5 42. Kc3 Bb5 43. Rd2 a4 44. Nxb5 Rxb5 45. b4 c5 46.
bxc5 Rxc5+ 47. Kb4 Rc8 48. Kxa4 Rd8 49. Rc2 Kd7 50. Kb5 Rc8 51. Rxc8 1/2-1/2

[Event "50th Sparkassen Open A"]
[Site "Dortmund GER"]
[Date "2023.06.27"]
[Round "4.6"]
[White "Muthaiah, AL"]
[Black "Svane, Rasmus"]
[Result "1/2-1/2"]
[WhiteTitle "IM"]
[BlackTitle "GM"]
[WhiteElo "2439"]
[BlackElo "2616"]
[WhiteFideId "5092442"]
[BlackFideId "4657101"]
[EventDate "2023.06.24"]

1. d4 Nf6 2. Nf3 d5 3. c4 e6 4. Nc3 Nbd7 5. cxd5 exd5 6. Bg5 Bb4 7. e3 h6 8.
Bxf6 Qxf6 9. a3 Bxc3+ 10. bxc3 O-O 11. Be2 c5 12. O-O Rd8 13. a4 Qe7 14. Qc1 c4
15. Bd1 Nf6 16. Nd2 Ne4 17. f3 Nxd2 18. Qxd2 Bf5 19. Re1 Rd6 20. Bc2 Bxc2 21.
Qxc2 Re6 22. e4 f6 23. Re2 dxe4 24. Rxe4 Rxe4 25. Qxe4 Qxe4 26. fxe4 Re8 27. Rb1
Rxe4 28. Rxb7 Re3 29. Rxa7 Rxc3 30. Rc7 Rc2 31. a5 Ra2 32. Rxc4 Rxa5 33. Kf2
Ra2+ 34. Kf3 Kf7 35. Rc7+ Kg6 36. h4 Rd2 37. Rd7 f5 38. g3 Kf6 39. Rd6+ Ke7 40.
Rg6 Kf7 41. Rd6 Ke7 1/2-1/2

[Event "50th Sparkassen Open A"]
[Site "Dortmund GER"]
[Date "2023.06.27"]
[Round "4.7"]
[White "Akesson, Ralf"]
[Black "Safarli, Eltaj"]
[Result "1/2-1/2"]
[WhiteTitle "GM"]
[BlackTitle "GM"]
[WhiteElo "2402"]
[BlackElo "2609"]
[WhiteFideId "1700120"]
[BlackFideId "13402129"]
[EventDate "2023.06.24"]

1. d4 Nf6 2. c4 b6 3. Nc3 Bb7 4. d5 e6 5. a3 g6 6. Nf3 Bg7 7. e4 d6 8. Be2 O-O
9. O-O Re8 10. Bg5 h6 11. Be3 Nbd7 12. Nd2 a5 13. Rc1 exd5 14. cxd5 Nc5 15. Bb5
Re7 16. f3 a4 17. Bf2 Ba6 18. Bxa6 Rxa6 19. Qc2 Qd7 20. Na2 Ra8 21. Nb4 Nh5 22.
Nc6 Ree8 23. Rce1 Nf4 24. Bd4 f5 25. Qc3 fxe4 26. fxe4 Ncd3 27. Re3 Qg4 28. g3
Nh3+ 29. Kg2 Ne5 30. Bxe5 dxe5 31. Nf3 Nf4+ 32. Kh1 Rf8 33. Ncxe5 Qh3 34. Rg1
Nh5 35. Qc6 Nf6 36. Qe6+ Qxe6 37. dxe6 Rfe8 38. Nd4 Ng4 39. Nxg4 Bxd4 40. Rd3 c5
41. Rxd4 cxd4 42. Nf6+ Kf8 43. Nxe8 Kxe8 44. Rc1 Ke7 45. Kg2 Rd8 46. Kf2 Kxe6
47. Rc4 Ke5 48. Rxa4 Kxe4 49. Ke2 Rc8 50. Kd2 Rf8 51. Ke2 Rf5 52. Ra8 d3+ 53.
Ke1 Rc5 54. Re8+ Kf5 55. Rf8+ Ke4 56. Re8+ 1/2-1/2

[Event "50th Sparkassen Open A"]
[Site "Dortmund GER"]
[Date "2023.06.27"]
[Round "4.8"]
[White "Woelk, Tom-Frederic"]
[Black "Laurent-Paoli, Pierre"]
[Result "1/2-1/2"]
[WhiteTitle "FM"]
[BlackTitle "IM"]
[WhiteElo "2318"]
[BlackElo "2552"]
[WhiteFideId "12993077"]
[BlackFideId "26017962"]
[EventDate "2023.06.24"]

1. e4 e6 2. d4 d5 3. Nc3 Nf6 4. e5 Nfd7 5. f4 c5 6. Nf3 Be7 7. Be3 O-O 8. Qd2 a6
9. dxc5 Nxc5 10. h4 Nc6 11. a3 b5 12. h5 Bb7 13. Qf2 b4 14. Bxc5 bxc3 15. b4 f6
16. Bb6 Qd7 17. Qg3 Bd8 18. Bc5 Be7 19. Bb6 Bd8 20. Bc5 Be7 21. Bb6 1/2-1/2

[Event "50th Sparkassen Open A"]
[Site "Dortmund GER"]
[Date "2023.06.27"]
[Round "4.9"]
[White "Thieme, Daniel Otis"]
[Black "Pranav, Anand"]
[Result "0-1"]
[BlackTitle "GM"]
[WhiteElo "2089"]
[BlackElo "2510"]
[WhiteFideId "24680788"]
[BlackFideId "46626786"]
[EventDate "2023.06.24"]

1. d4 Nf6 2. c4 g6 3. Nf3 Bg7 4. g3 O-O 5. Bg2 c5 6. d5 d6 7. Nc3 e6 8. O-O exd5
9. cxd5 Re8 10. Bf4 h6 11. Re1 g5 12. Bc1 Bf5 13. h4 g4 14. Nd2 a6 15. e4 Bg6
16. a4 Nbd7 17. Nc4 Nb6 18. Ne3 h5 19. a5 Nbd7 20. Nc4 Ne5 21. Nxe5 Rxe5 22. Bf4
Nd7 23. f3 gxf3 24. Bxf3 Qf6 25. Bxe5 Qxe5 26. Kg2 Rb8 27. Qe2 Kh8 28. Qe3 b6
29. Re2 b5 30. Qg5 c4 31. Rh1 Nc5 32. Qxe5 Bxe5 33. Nd1 Rg8 34. Nf2 f6 35. Kh2
Be8 36. Rg1 b4 37. Rc2 c3 38. bxc3 bxc3 39. Bd1 Bg6 40. Bf3 Rb8 41. Re1 Be8 42.
Rec1 Ba4 43. Rxc3 Rb2 44. Rxc5 dxc5 45. Rxc5 Rxf2+ 46. Bg2 Rd2 0-1

[Event "50th Sparkassen Open A"]
[Site "Dortmund GER"]
[Date "2023.06.27"]
[Round "4.10"]
[White "Raja, Harshit"]
[Black "Materia, Marco"]
[Result "1/2-1/2"]
[WhiteTitle "GM"]
[BlackTitle "IM"]
[WhiteElo "2510"]
[BlackElo "2436"]
[WhiteFideId "5089000"]
[BlackFideId "45150451"]
[EventDate "2023.06.24"]

1. e4 c5 2. Nf3 e6 3. b3 a6 4. Bb2 Nc6 5. c4 Nf6 6. e5 Ng4 7. g3 Qc7 8. Qe2 Be7
9. Bh3 h5 10. O-O b6 11. Bg2 Bb7 12. h3 Nh6 13. Nc3 O-O-O 14. Nd5 exd5 15. cxd5
Nb4 16. d6 Bxd6 17. exd6 Qxd6 18. d4 Rhe8 19. Qd2 Nf5 20. Rac1 Kb8 21. Rfd1 Bxf3
22. Bxf3 Nxd4 23. Bxd4 Qxd4 24. Qxd4 cxd4 25. Rxd4 Nc6 26. Ra4 a5 27. Bxh5 g6
28. Bf3 Ne5 29. Bd5 Rc8 30. Rd1 g5 31. b4 Ka7 32. bxa5 b5 33. Rb4 Ka6 34. a4 Rc5
35. axb5+ Kxa5 36. Rb3 Rxb5 37. Re3 Re7 38. Bc4 Rc5 39. Be2 Kb6 40. f4 gxf4 41.
gxf4 Ng6 42. Rxe7 Nxe7 43. Rxd7 Rc7 44. Rd8 Rc3 45. Rd7 Ng6 46. Rxf7 Nxf4 47.
Rxf4 Rxh3 48. Bf3 Kc5 49. Kf2 Rh2+ 50. Ke3 Ra2 51. Be2 Ra1 52. Rf5+ Kd6 53. Kd4
Ke6 54. Rf2 Re1 55. Bc4+ Kd6 56. Rf6+ Ke7 57. Rb6 Rd1+ 58. Kc5 Rd7 59. Bd5 Rc7+
60. Kd4 Kd8 61. Ke5 Re7+ 62. Be6 Rc7 63. Rb8+ Ke7 64. Bd5 Ra7 65. Rh8 Rc7 66.
Rh6 Kd8 67. Bc6 Re7+ 68. Kd6 Rd7+ 69. Kc5 Re7 70. Kb6 Re5 71. Rh7 Re6 72. Rf7
Rd6 73. Kc5 Re6 74. Kb6 Rd6 75. Ra7 Re6 76. Kc5 Re7 77. Ra6 Rg7 78. Bd5 Rc7+ 79.
Kd6 Rd7+ 80. Ke5 Rc7 81. Bc6 Re7+ 82. Kf6 Rc7 83. Be4 Rc1 84. Ke6 Rc7 85. Bf5
Re7+ 86. Kf6 Rb7 87. Rc6 Rb8 88. Ke5 Rb7 89. Kf6 Rb8 90. Be6 Ra8 91. Rc1 Rb8 92.
Bd5 Rb6+ 93. Ke5 Ra6 94. Rb1 Ra7 95. Bb7 Kc7 96. Bd5 Kd8 97. Rc1 Rc7 98. Ke4 1/2-1/2

[Event "50th Sparkassen Open A"]
[Site "Dortmund GER"]
[Date "2023.06.27"]
[Round "4.11"]
[White "Samunenkov, Ihor"]
[Black "Jinan, Jomon"]
[Result "1-0"]
[WhiteTitle "IM"]
[WhiteElo "2499"]
[BlackElo "2428"]
[WhiteFideId "14187086"]
[BlackFideId "35002511"]
[EventDate "2023.06.24"]

1. d4 Nf6 2. Nc3 d5 3. Bf4 c5 4. e4 dxe4 5. dxc5 Qa5 6. Qd2 Bd7 7. Nxe4 Qxd2+ 8.
Nxd2 Bc6 9. a3 e5 10. Bxe5 Bxc5 11. Ngf3 Nbd7 12. Bxf6 Nxf6 13. Bd3 O-O-O 14.
O-O Rhe8 15. Rae1 Kc7 16. Rxe8 Rxe8 17. Nb3 Bd6 18. Nbd4 Ng4 19. Bb5 Ne5 20.
Bxc6 bxc6 21. Nd2 Rb8 22. Rb1 g6 23. h3 Bc5 24. N4b3 Bd6 25. Na5 Nd7 26. Nac4
Bf4 27. Nf3 Nb6 28. Nxb6 axb6 29. Re1 Bd6 30. Ng5 f6 31. Nxh7 Be5 32. c3 Kd6 33.
f4 Bxf4 34. Nxf6 Rf8 35. Rd1+ Ke6 36. Ng4 Rf5 37. Re1+ Kd7 38. Ne3 Rb5 39. Nc4
Bg3 40. Re3 Bf4 41. Re4 Bc1 42. b4 1-0